| 000 | 00808nam a2200217Ia 4500 | ||
|---|---|---|---|
| 999 |
_c36657 _d36657 |
||
| 001 | 2579 | ||
| 003 | GE_BSU | ||
| 005 | 20221128110344.0 | ||
| 008 | 181216s2008||||ge |||||||||||||| ||geo|| | ||
| 020 | _a97899928633x | ||
| 040 | _cGE_BSU | ||
| 041 | _ageo | ||
| 080 | _a159.922.8 ყ–62 | ||
| 100 |
_aყოლბაია, მაია _916136 |
||
| 245 |
_aსკოლის ფსიქოლოგია : _b[სახელმძღვ.] / _cმამია ყოლბაია ; [რედ. ნ. იმედაძე]. |
||
| 264 |
_aთბილისი : _b"ცის ნამის" გამ-ბა, _c2008. |
||
| 300 |
_a306 გვ.; _b20 სმ. |
||
| 504 | _aბიბლიოგრ.: გვ. 299-303. | ||
| 653 | _aსკოლის ფსიქოლოგია | ||
| 942 |
_cBK _2udc |
||